<?xml version="1.0" encoding="UTF-8"?>
<marc:record xmlns:marc="http://www.loc.gov/MARC21/slim">
   <marc:leader>00000nam a2200000 a 4500</marc:leader>
   <marc:datafield ind1="1" ind2=" " tag="100">
      <marc:subfield code="a">Capus, Alex</marc:subfield>
      <marc:subfield code="4">aut</marc:subfield>
      <marc:subfield code="e">Verfasser/-in</marc:subfield>
   </marc:datafield>
   <marc:datafield ind1="0" ind2="0" tag="245">
      <marc:subfield code="a">Der Fälscher, die Spionin und der Bombenbauer</marc:subfield>
   </marc:datafield>
   <marc:datafield ind1="0" ind2="0" tag="245">
      <marc:subfield code="c">Capus, Alex</marc:subfield>
   </marc:datafield>
   <marc:datafield ind1=" " ind2="1" tag="264">
      <marc:subfield code="c">2013</marc:subfield>
   </marc:datafield>
   <marc:datafield ind1="1" ind2=" " tag="520">
      <marc:subfield code="a">Von drei Helden wider Willen erzählt Alex Capus in seinem neuen Roman: Vom Pazifisten Felix Bloch, der nach 1933 in den USA beim Bau der Atombombe hilft. Von Laura d&#x92;Oriano, die Sängerin werden will und als alliierte Spionin in Italien endet. Und von Emile Gilliéron, der mit Schliemann nach Troja reist und zum größten Kunstfälscher aller Zeiten wird. Nur einmal können die drei einander begegnet sein: im November 1924 am Hauptbahnhof Zürich. Doch ihre Wege bleiben auf eigentümliche Weise miteinander verbunden. Capus treibt seinen Erzählstil des faktentreuen Träumens zu neuer Meisterschaft. Heiter und elegant, lakonisch und zart folgt der Erfolgsautor aus der Schweiz den exakt recherchierten Lebensläufen seiner Helden.</marc:subfield>
   </marc:datafield>
   <marc:datafield ind1=" " ind2=" " tag="020">
      <marc:subfield code="a">9783446243279</marc:subfield>
      <marc:subfield code="9">9783446243279</marc:subfield>
   </marc:datafield>
   <marc:datafield ind1=" " ind2=" " tag="020">
      <marc:subfield code="a">3446243275</marc:subfield>
      <marc:subfield code="9">3446243275</marc:subfield>
   </marc:datafield>
   <marc:datafield ind1=" " ind2=" " tag="338">
      <marc:subfield code="a">Band</marc:subfield>
   </marc:datafield>
   <marc:datafield ind1=" " ind2=" " tag="300">
      <marc:subfield code="a">281 S.</marc:subfield>
   </marc:datafield>
</marc:record>
